Tục cưới xin của dân tộc Tày
v.v...
Đã lưu trong:
| Tác giả chính: | |
|---|---|
| Định dạng: | Sách |
| Năm xuất bản: |
H.
Đại học Quốc gia
2010
|
| Chủ đề: | |
| Tags: |
Thêm thẻ
Không có thẻ, Hãy là người đầu tiên gắn thẻ bản ghi này!
|
| LEADER | 00601nam a2200181 4500 | ||
|---|---|---|---|
| 082 | |a 392.5 |b TR309Â | ||
| 100 | |a Triều Ân | ||
| 245 | |a Tục cưới xin của dân tộc Tày |c Triều Ân | ||
| 260 | |a H. |b Đại học Quốc gia |c 2010 | ||
| 300 | |a 216 tr. |c 21 cm | ||
| 520 | |a v.v... | ||
| 653 | |a Văn hoá dân gian | ||
| 653 | |a Phong tục | ||
| 653 | |a Cưới xin | ||
| 653 | |a Dân tộc Tày | ||
| 942 | |2 ddc |c SH | ||
| 999 | |c 7846 |d 7846 | ||
| 952 | |0 0 |1 0 |2 ddc |4 0 |6 392_500000000000000_TR309Â |7 0 |8 300 |9 68847 |a qbu |b qbu |c D2 |d 2015-03-23 |l 1 |o 392.5 TR309Â |p 7699.c1 |r 2019-12-27 |s 2019-12-12 |w 2015-03-23 |y SH | ||